| 000 | 00510nam a2200169Ia 4500 | ||
|---|---|---|---|
| 999 |
_c20949 _d20949 |
||
| 003 | OSt | ||
| 005 | 20200605132123.0 | ||
| 008 | 190216s9999||||xx |||||||||||||| ||und|| | ||
| 020 | _a9788171569953 | ||
| 040 | _coclc | ||
| 082 |
_a954 _bJAY/E |
||
| 100 |
_aJayapalan, N _92542 |
||
| 245 | 0 |
_aEconomic History India: Ancient To Present Day / _c N Jayapalan |
|
| 260 |
_bAtlantic Publications & Distributors, _c2001. _aDelhi: |
||
| 300 | _a306p | ||
| 942 |
_cBK _2ddc _h954 _iJAY/E _k954 _mJAY/E |
||